| 000 | 00503nam a2200133Ia 4500 | ||
|---|---|---|---|
| 008 | 220620s9999||||xx |||||||||||||| ||und|| | ||
| 020 | _a9782890000000 | ||
| 245 | 0 | _aExercise in Pediatric Medicine | |
| 546 | _aEnglish[eng] | ||
| 650 | _afitness||exercise is medicine||exercise testing||exercise training||sport||physical activity||health promotion | ||
| 700 | _aTakken, Tim||Timmons, Brian W. | ||
| 856 | _uhttps://www.frontiersin.org/research-topics/7468/exercise-in-pediatric-medicine | ||
| 942 | _cEB | ||
| 999 |
_c26154 _d26154 |
||